[Event "2LD 24/25,Namest n/Osl A-Namest n/Osl B"]
[Site ""]
[Date "2024.10.13"]
[Round "1.1"]
[White "Walek, Petr"]
[Black "Hladky, Tadeas"]
[WhiteElo "2276"]
[BlackElo "2135"]
[Result "1-0"]
[PlyCount "79"]

1. e4 e6 2. d4 d5 3. Nc3 Nf6 4. e5 Nfd7 5. f4 c5 6. Nf3 Nc6 7. Be3 Be7 8. Qd2
b6 9. Bb5 Bb7 10. O-O O-O 11. Rad1 f6 12. exf6 Bxf6 13. dxc5 Nxc5 14. Nd4 Nxd4
15. Bxd4 Qc7 16. Qe3 Rad8 17. g3 a6 18. Bd3 Rfe8 19. Rfe1 Nd7 20. Ne2 e5 21.
fxe5 Nxe5 22. Qf2 Nxd3 23. cxd3 Bxd4 24. Nxd4 Qd6 25. Rxe8+ Rxe8 26. Rf1 Rf8
27. Qxf8+ Qxf8 28. Rxf8+ Kxf8 29. Ne6+ Kg8 30. Kf2 Bc8 31. Nf4 d4 32. Nd5 Be6
33. Nxb6 Bxa2 34. Kf3 Kf7 35. Ke4 Ke6 36. Nc4 g6 37. Kxd4 Bb1 38. Ne3 Kd6 39.
b3 h5 40. h4 1-0

[Event "2LD 24/25,Namest n/Osl A-Namest n/Osl B"]
[Site ""]
[Date "2024.10.13"]
[Round "1.2"]
[White "Setina, Vaclav"]
[Black "Richterova, Natasa"]
[WhiteElo "2102"]
[BlackElo "2136"]
[Result "0-1"]
[PlyCount "74"]

1. d4 d5 2. Nf3 Nf6 3. c4 e6 4. Nc3 Be7 5. g3 O-O 6. Bg2 c5 7. O-O dxc4 8. dxc5
Qa5 9. Qd4 Nc6 10. Qxc4 Qxc5 11. Qxc5 Bxc5 12. Rd1 e5 13. Na4 Be7 14. Be3 Bg4
15. h3 Bf5 16. Nc5 Rab8 17. Nh4 Bc8 18. Rac1 Rd8 19. Rxd8+ Nxd8 20. Nd3 e4 21.
Bxa7 Ra8 22. Bc5 Bxc5 23. Nxc5 g5 24. Rd1 Nc6 25. b4 gxh4 26. b5 Ne7 27. Bxe4
Nxe4 28. Rd8+ Kg7 29. Nxe4 Ra4 30. Nd6 Bxh3 31. Nxb7 hxg3 32. fxg3 Rxa2 33. Nd6
Rxe2 34. b6 Nc6 35. b7 Rb2 36. Rc8 Nd4 37. Rc3 Ne2+ 0-1

[Event "2LD 24/25,Namest n/Osl A-Namest n/Osl B"]
[Site ""]
[Date "2024.10.13"]
[Round "1.3"]
[White "Kratochvil, Vit"]
[Black "Miculka, Petr"]
[WhiteElo "2220"]
[BlackElo "1944"]
[Result "1-0"]
[PlyCount "71"]

1. e4 c5 2. Nf3 Nc6 3. d4 cxd4 4. Nxd4 Nf6 5. Nc3 e5 6. Ndb5 d6 7. Bg5 a6 8.
Na3 b5 9. Bxf6 gxf6 10. Nd5 Bg7 11. g3 f5 12. Bg2 O-O 13. exf5 e4 14. Qh5 Re8
15. c3 b4 16. Nc4 bxc3 17. bxc3 Nb4 18. cxb4 Bxa1 19. O-O Bg7 20. Qg4 a5 21. b5
h5 22. Qxh5 Qd7 23. f6 Bf8 24. Qg5+ Kh8 25. Qh5+ Kg8 26. Ncb6 Qf5 27. Qxf5 Bxf5
28. Nxa8 Rxa8 29. Rc1 Kh7 30. h3 Re8 31. b6 Bh6 32. Rc7 e3 33. Rxf7+ Kg6 34.
Re7 Rxe7 35. fxe7 Kf7 36. Nxe3 1-0

[Event "2LD 24/25,Namest n/Osl A-Namest n/Osl B"]
[Site ""]
[Date "2024.10.13"]
[Round "1.4"]
[White "Soucek, Andrej"]
[Black "Zezula, Jakub"]
[WhiteElo "1931"]
[BlackElo "2078"]
[Result "1/2-1/2"]
[PlyCount "83"]

1. d4 d5 2. c4 e6 3. Nf3 a6 4. cxd5 exd5 5. Nc3 c6 6. Bf4 Nf6 7. e3 Bd6 8. Bxd6
Qxd6 9. Bd3 O-O 10. h3 Re8 11. Qc2 Nbd7 12. O-O Nf8 13. Rab1 Ng6 14. b4 Qe7 15.
a4 Ne4 16. b5 axb5 17. axb5 Nh4 18. Nxh4 Qxh4 19. Bxe4 dxe4 20. bxc6 bxc6 21.
f3 Ba6 22. Nxe4 Bxf1 23. Rxf1 Qh6 24. Qf2 Ra3 25. Re1 Kh8 26. Qd2 f5 27. Ng3
Qg5 28. Nf1 Rea8 29. Rc1 Qg6 30. Qe2 Ra2 31. Rc2 Ra1 32. Qc4 h6 33. Rc3 Qg3 34.
Rc1 Qg5 35. Qxc6 R8a2 36. f4 Qh5 37. Rxa1 Rxa1 38. Qf3 Qe8 39. Kh2 Ra3 40. Qd5
Ra1 41. Qf3 Qb5 42. Kg1 1/2-1/2

[Event "2LD 24/25,Namest n/Osl A-Namest n/Osl B"]
[Site ""]
[Date "2024.10.13"]
[Round "1.5"]
[White "Mrazik, Tomas"]
[Black "Simajchl, Adam"]
[WhiteElo "1945"]
[BlackElo "1836"]
[Result "1-0"]
[PlyCount "65"]

1. d4 Nf6 2. Bf4 c5 3. d5 d6 4. c4 b5 5. cxb5 a6 6. e3 g6 7. Nc3 Bg7 8. Nf3 O-O
9. Be2 axb5 10. Bxb5 Ba6 11. O-O Bxb5 12. Nxb5 Nbd7 13. Qd3 Ng4 14. Nc3 Qb6 15.
Rab1 Nge5 16. Nxe5 Nxe5 17. Bxe5 Bxe5 18. h4 Qa6 19. Qe4 f5 20. Qc2 Qc4 21. f4
Bxc3 22. Qxc3 Qxd5 23. a3 Rfb8 24. b4 Qe4 25. Rfd1 cxb4 26. Rxb4 Rxb4 27. axb4
Rb8 28. Qb3+ Kg7 29. Rd4 Qc6 30. Rc4 Qb6 31. Kh2 Rb7 32. Qd3 Rc7 33. Qc3+ 1-0

[Event "2LD 24/25,Namest n/Osl A-Namest n/Osl B"]
[Site ""]
[Date "2024.10.13"]
[Round "1.6"]
[White "Zezula, Matej"]
[Black "Kosut, Tomas"]
[WhiteElo "1729"]
[BlackElo "1938"]
[Result "1-0"]
[PlyCount "63"]

1. e4 c5 2. Nf3 g6 3. c4 Bg7 4. d4 cxd4 5. Nxd4 Nc6 6. Be3 d6 7. Be2 Nf6 8. Nc3
O-O 9. O-O a6 10. Rc1 Bd7 11. Nc2 Rb8 12. Na3 Ne5 13. f3 Bc6 14. Qd2 Re8 15. b4
b5 16. cxb5 axb5 17. Naxb5 Qd7 18. a4 Rb7 19. Rfd1 Ra8 20. Qc2 Ne8 21. h3 g5
22. Bxg5 Nc7 23. Nxc7 Rxc7 24. Nd5 Bxa4 25. Qxc7 Qxc7 26. Nxc7 Bxd1 27. Bxd1
Rb8 28. b5 Nd3 29. Rc2 f6 30. Be3 Rb7 31. Be2 Nc5 32. Na6 1-0

[Event "2LD 24/25,Namest n/Osl A-Namest n/Osl B"]
[Site ""]
[Date "2024.10.13"]
[Round "1.7"]
[White "Miculka, David"]
[Black "Vojtech, Ladislav"]
[WhiteElo "1998"]
[BlackElo "1783"]
[Result "1-0"]
[PlyCount "62"]

1. e4 c5 2. Nf3 d6 3. d4 cxd4 4. Nxd4 Nf6 5. Nc3 a6 6. a4 e5 7. Nde2 Be6 8. Bg5
Be7 9. g3 Nbd7 10. Bg2 O-O 11. O-O Rc8 12. b3 h6 13. Bxf6 Nxf6 14. Qd3 Qc7 15.
Rac1 Rfd8 16. Nd5 Nxd5 17. exd5 Bd7 18. c4 Qc5 19. Kh1 f5 20. f4 e4 21. Qc2 b5
22. g4 bxa4 23. bxa4 Bf6 24. Ng3 Rb8 25. gxf5 Rb2 26. Qxe4 Re8 27. Qf3 Re3 28.
Qg4 Rxg2 29. Kxg2 Bxa4 30. Nh5 Bb2 31. f6 Bxf6 1-0

[Event "2LD 24/25,Namest n/Osl A-Namest n/Osl B"]
[Site ""]
[Date "2024.10.13"]
[Round "1.8"]
[White "Hladky, Mikulas"]
[Black "Richter, Rudolf"]
[WhiteElo "1789"]
[BlackElo "1749"]
[Result "1/2-1/2"]
[PlyCount "87"]

1. e4 d5 2. exd5 Qxd5 3. Nc3 Qd6 4. d4 c6 5. Nf3 Bg4 6. Be2 Nf6 7. h3 Bf5 8.
Ne5 e6 9. Bf4 Qd8 10. Bf3 Nd5 11. Bxd5 cxd5 12. g4 Bg6 13. h4 f6 14. Nxg6 hxg6
15. Qe2 Qd7 16. O-O-O Kf7 17. g5 Bd6 18. Bxd6 Qxd6 19. h5 gxh5 20. Rxh5 Nc6 21.
Qg4 g6 22. Rxh8 Rxh8 23. gxf6 Qd8 24. Rg1 Qxf6 25. Ne2 Rh4 26. Qg3 Nxd4 27.
Nxd4 Rxd4 28. Qc7+ Qe7 29. Qxe7+ Kxe7 30. Rxg6 Rf4 31. Rg7+ Rf7 32. Rxf7+ Kxf7
33. Kd2 Kf6 34. Ke3 e5 35. f4 e4 36. c4 Ke6 37. cxd5+ Kxd5 38. b3 b6 39. a3 a6
40. b4 b5 41. f5 Ke5 42. f6 Kxf6 43. Kxe4 Ke6 44. Kd4 1/2-1/2

[Event "2LD 24/25,Rychnov n/Kn-Vysoke Myto"]
[Site ""]
[Date "2024.10.13"]
[Round "1.1"]
[White "Zeberski, Jakub"]
[Black "Sabol, Marian"]
[WhiteElo "2325"]
[BlackElo "2233"]
[Result "1/2-1/2"]
[PlyCount "86"]

1. b3 e5 2. Bb2 Nc6 3. e3 Nf6 4. c4 Be7 5. Nf3 e4 6. Nd4 d5 7. Nxc6 bxc6 8. Be2
O-O 9. O-O Nd7 10. Nc3 Nc5 11. cxd5 cxd5 12. Rc1 d4 13. exd4 Qxd4 14. Na4 Qd5
15. Nxc5 Bxc5 16. d3 Ba6 17. dxe4 Qxd1 18. Rfxd1 Bxe2 19. Rd2 Bxf2+ 20. Kxf2
Bg4 21. Rxc7 Rfc8 22. Rxc8+ Rxc8 23. Ke3 Be6 24. Rd6 h5 25. Kd2 Ra8 26. Bd4 a5
27. Kc3 a4 28. Kb2 Ra5 29. Bc3 Rg5 30. bxa4 Rxg2+ 31. Rd2 Rxd2+ 32. Bxd2 Kf8
33. a5 Ke8 34. a6 Bc8 35. a7 Bb7 36. e5 Kd7 37. Kc3 Bg2 38. Kd4 Kc8 39. Bb4 Kb7
40. Bc5 Ka8 41. Bb6 Bh3 42. a3 Be6 43. h4 g6 1/2-1/2

[Event "2LD 24/25,Rychnov n/Kn-Vysoke Myto"]
[Site ""]
[Date "2024.10.13"]
[Round "1.2"]
[White "Vesely, Tomas"]
[Black "Fiedorek, Michal"]
[WhiteElo "2055"]
[BlackElo "2291"]
[Result "0-1"]
[PlyCount "108"]

1. Nf3 Nf6 2. g3 g6 3. Bg2 Bg7 4. O-O O-O 5. c4 d6 6. d4 Nc6 7. Nc3 Bg4 8. h3
Bxf3 9. Bxf3 Nd7 10. e3 e5 11. Ne2 Qf6 12. Bg2 exd4 13. Bxc6 bxc6 14. Nxd4 Ne5
15. Qc2 c5 16. Ne2 Qe6 17. Nf4 Qxc4 18. Qxc4 Nxc4 19. Rb1 c6 20. b3 Ne5 21. Rd1
Rfd8 22. Bb2 a5 23. Nd3 Nxd3 24. Rxd3 c4 25. bxc4 Rab8 26. Rd2 a4 27. a3 Rb3
28. Kg2 Rdb8 29. Bxg7 Rxb1 30. Bf6 Rc1 31. Rd4 Re8 32. c5 Rxc5 33. Rxd6 Rc8 34.
g4 Rd5 35. Rxd5 cxd5 36. Kg3 Rc2 37. f3 Kf8 38. h4 Ke8 39. Bd4 Ra2 40. Bc5 Kd7
41. Kf4 f6 42. Bf8 Ke6 43. Bc5 Rc2 44. Bd4 Rh2 45. Kg3 Rd2 46. Kf4 Rd3 47. Bc5
h6 48. h5 g5+ 49. Kg3 Rc3 50. Bf8 Rxe3 51. Bxh6 Kf7 52. Kf2 Rxa3 53. f4 gxf4
54. Bxf4 Rb3 0-1

[Event "2LD 24/25,Rychnov n/Kn-Vysoke Myto"]
[Site ""]
[Date "2024.10.13"]
[Round "1.3"]
[White "Horak, Jan"]
[Black "Trhal, Tomas"]
[WhiteElo "2110"]
[BlackElo "2047"]
[Result "1-0"]
[PlyCount "69"]

1. e4 c5 2. Nc3 a6 3. g3 Nc6 4. Bg2 g6 5. f4 Bg7 6. Nf3 e6 7. d3 d5 8. O-O Nge7
9. Nh4 f5 10. g4 dxe4 11. dxe4 Qxd1 12. Rxd1 Bd4+ 13. Kh1 Bf2 14. Nf3 fxg4 15.
Ne1 Bxe1 16. Rxe1 Nd4 17. Rd1 Nxc2 18. Rb1 Bd7 19. e5 Bc6 20. Ne4 O-O 21. Nxc5
Rfd8 22. Bd2 Bxg2+ 23. Kxg2 Nf5 24. Kf2 Ncd4 25. Ne4 Rac8 26. Nf6+ Kf7 27. Rbc1
Nf3 28. Ba5 Rxc1 29. Rxc1 Rd4 30. Rc7+ Kf8 31. Nxh7+ Ke8 32. Nf6+ Kf8 33. Rc8+
Kf7 34. Rc7+ Kf8 35. Rxb7 1-0

[Event "2LD 24/25,Rychnov n/Kn-Vysoke Myto"]
[Site ""]
[Date "2024.10.13"]
[Round "1.4"]
[White "Kosek, Marek"]
[Black "Mik, Tomas"]
[WhiteElo "2086"]
[BlackElo "2108"]
[Result "1-0"]
[PlyCount "61"]

1. Nf3 Nf6 2. d4 g6 3. g3 Bg7 4. Bg2 d5 5. O-O O-O 6. c4 c6 7. Nc3 Ne4 8. Qb3
Nxc3 9. bxc3 b6 10. Ba3 Re8 11. Rfe1 Bb7 12. cxd5 cxd5 13. e4 dxe4 14. Ng5 Qd5
15. Nxe4 Qxb3 16. axb3 Nc6 17. Ra2 Rac8 18. Rae2 Red8 19. d5 Ba6 20. Re3 Ne5
21. Bxe7 Nd3 22. Rd1 Rd7 23. Nf6+ Bxf6 24. Bxf6 Rd6 25. Be7 Rd7 26. Ra1 Bb7 27.
Bf6 Rd6 28. Rxd3 Rxf6 29. Rxa7 Ba8 30. c4 Re8 31. Re3 1-0

[Event "2LD 24/25,Rychnov n/Kn-Vysoke Myto"]
[Site ""]
[Date "2024.10.13"]
[Round "1.5"]
[White "Zelbova, Lada"]
[Black "Ptacek, Lubos"]
[WhiteElo "1959"]
[BlackElo "2028"]
[Result "0-1"]
[PlyCount "110"]

1. e4 e5 2. Nf3 Nc6 3. Bc4 Be7 4. O-O Nf6 5. d3 O-O 6. Nc3 d6 7. h3 Na5 8. Be3
h6 9. a3 Nxc4 10. dxc4 b6 11. Qd3 Be6 12. Rfd1 Qc8 13. Nd5 Nxd5 14. cxd5 Bd7
15. Nd2 f5 16. exf5 Bxf5 17. Ne4 Qe8 18. Re1 Qg6 19. Bd2 Bh4 20. g3 Rf7 21. Re2
Raf8 22. Be1 Bxh3 23. Nxd6 Qxd6 24. gxh4 Rf3 25. Re3 Bf5 26. Rxf3 Bxd3 27. Bb4
Qg6+ 28. Rg3 Qh5 29. Bxf8 Be4 30. Bxg7 Kf7 31. f3 Bxd5 32. Re1 Qxh4 33. Bxe5 c6
34. Re2 Qc4 35. Rd2 Qc5+ 36. Bd4 Qd6 37. Rg7+ Kf8 38. Rdg2 Qf4 39. R7g4 Qc1+
40. Kh2 h5 41. Rg6 Qf4+ 42. Kh3 Qxd4 43. R2g5 Qf4 44. Rxh5 Qxf3+ 45. Kh4 Bf7
46. Rh8+ Ke7 47. Rgh6 Qf4+ 48. Kh3 Be6+ 49. Kg2 Qe4+ 50. Kg3 Qxc2 51. R8h7+ Kd6
52. Rxa7 Qd3+ 53. Kh4 Qe4+ 54. Kg5 Qf5+ 55. Kh4 Qg4# 0-1

[Event "2LD 24/25,Rychnov n/Kn-Vysoke Myto"]
[Site ""]
[Date "2024.10.13"]
[Round "1.6"]
[White "Kosek, Jiri"]
[Black "Kroulik, Vaclav"]
[WhiteElo "1941"]
[BlackElo "1976"]
[Result "1-0"]
[PlyCount "51"]

1. c4 c5 2. Nc3 Nc6 3. g3 g6 4. Bg2 Bg7 5. e3 e5 6. Nge2 Nge7 7. O-O O-O 8. d3
d6 9. a3 a5 10. e4 f5 11. f4 Be6 12. Nd5 Nd4 13. Nxd4 cxd4 14. fxe5 dxe5 15.
Bg5 Bxd5 16. cxd5 h6 17. Bxe7 Qxe7 18. Rc1 fxe4 19. Bxe4 Rxf1+ 20. Qxf1 Qd6 21.
Qh3 Kh7 22. Qg4 Rd8 23. h4 Kg8 24. Bxg6 Qxd5 25. Rc7 Qd6 26. Bh7+ 1-0

[Event "2LD 24/25,Rychnov n/Kn-Vysoke Myto"]
[Site ""]
[Date "2024.10.13"]
[Round "1.7"]
[White "Machlowski, Slawomir"]
[Black "Dosedel, Jiri"]
[WhiteElo "1980"]
[BlackElo "1994"]
[Result "1-0"]
[PlyCount "52"]

1. g3 Nf6 2. Bg2 d5 3. c4 d4 4. Nf3 Nc6 5. b4 d3 6. Qb3 e6 7. a3 dxe2 8. Bb2
Be7 9. b5 Na5 10. Qc2 O-O 11. d4 c5 12. Kxe2 Qc7 13. Nbd2 b6 14. Ng5 Bb7 15.
Bxb7 Nxb7 16. dxc5 Rfd8 17. c6 Nc5 18. Rhd1 Nd3 19. Bc3 Nxf2 20. Rf1 Nd3 21.
Rf3 Ne5 22. Rxf6 Bxf6 23. Qxh7+ Kf8 24. Nde4 a5 25. Rf1 Ke7 26. Nxf6 gxf6 1-0

[Event "2LD 24/25,Rychnov n/Kn-Vysoke Myto"]
[Site ""]
[Date "2024.10.13"]
[Round "1.8"]
[White "Lipavsky, Dusan"]
[Black "Kacirek, Pavel"]
[WhiteElo "1937"]
[BlackElo "1966"]
[Result "1/2-1/2"]
[PlyCount "44"]

1. e4 e6 2. d4 d5 3. exd5 exd5 4. Bd3 Bd6 5. Nf3 Bg4 6. Be3 Nc6 7. c3 Qd7 8.
Nbd2 Nge7 9. h3 Bf5 10. Nb3 O-O-O 11. Qc2 Bxd3 12. Qxd3 Nf5 13. O-O-O Nxe3 14.
Qxe3 Qf5 15. Qd3 Bf4+ 16. Kc2 Qxd3+ 17. Kxd3 Rde8 18. Rde1 b6 19. Rxe8+ Rxe8
20. Re1 Rxe1 21. Nxe1 Kd7 22. Nc2 Kd6 1/2-1/2

[Event "2LD 24/25,Univerzita Brno-Jihlava B"]
[Site ""]
[Date "2024.10.13"]
[Round "1.1"]
[White "Gajdos, Daniel"]
[Black "Seidl, Stepan"]
[WhiteElo "2101"]
[BlackElo "2161"]
[Result "0-1"]

1.Nf3 d5 2.g3 Nc6 3.d4 Bf5 4.Bg2 Nb4 5.Na3 e6 6.O-O Be7 7.c3 Nc6 8.Nc2 h5 9.h4
Be4 10.b4 Bxf3 11.exf3 g5 12.hxg5 Bxg5 13.f4 Bf6 14.f5 exf5 15.Re1+ Nce7 16.Ne3
Kf8 17.Qf3 Nh6 18.Nxd5 Nxd5 19.Qxd5 Qxd5 20.Bxd5 c6 21.Bc4 h4 22. Bf4 Kg7 23.f3
Ng8 24.g4 fxg4 25.fxg4 Be7 26.Re3 Kf8 27.Rf1 Rh7 28.Be5 Nh6 29. Re4 a5 30.bxa5
Rxa5 31.Ref4 b5 32.Bd3 Rg7 33.Bxg7+ Kxg7 34.Be4 Rxa2 35.Bxc6 Bg5 36.R4f3 Nxg4
37.Rxf7+ Kh6 38.R1f4 Bxf4 39.Rxf4 Kg5 40.Rf8 h3 41.Rg8+ Kh4 0-1

[Event "2LD 24/25,Univerzita Brno-Jihlava B"]
[Site ""]
[Date "2024.10.13"]
[Round "1.2"]
[White "Vesely, Vitek"]
[Black "Lakatos, Tomas"]
[WhiteElo "2165"]
[BlackElo "2075"]
[Result "1-0"]

1.d4 d5 2.c4 c6 3.Nf3 e6 4.e3 f5 5.Bd3 Bd6 6.O-O Nf6 7.b3 Qe7 8.Bb2 O-O 9.Qc1
Ne4 10.Ba3 b6 11.Bxd6 Qxd6 12.Nc3 Nd7 13.Rd1 a5 14.Ne2 Bb7 15.Qb2 Qe7 16.Rac1
Rac8 17.Rc2 c5 18.cxd5 exd5 19.Rdc1 Rce8 20.Bb5 Nd6 1-0

[Event "2LD 24/25,Univerzita Brno-Jihlava B"]
[Site ""]
[Date "2024.10.13"]
[Round "1.3"]
[White "Kisa, Lubomir"]
[Black "Zigo, Viktor"]
[WhiteElo "2160"]
[BlackElo "2190"]
[Result "0-1"]

1.d4 Nf6 2.Nf3 g6 3.g3 Bg7 4.Bg2 O-O 5.O-O d6 6.Nbd2 Nbd7 7.e4 e5 8.c3 Re8 9.
Re1 b6 10.Qc2 Bb7 11.a4 a5 12.d5 c6 13.Nc4 Nc5 14.dxc6 Bxc6 15.Nfd2 Qc7 16.b3
d5 17.exd5 Bxd5 18.Bxd5 Nxd5 19.Ne4 Nxe4 20.Rxe4 f5 21.Re1 Nxc3 22.Qxc3 e4
23.Bf4 Qc6 24.Qe3 Bxa1 25.Rxa1 Re6 26.Rd1 b5 27.axb5 Qxb5 28. Nd6 Qb4 29.Rd4
Qa3 30.Qc3 Rb8 31.Qc4 Qxb3 32.Qc7 e3 33.Qf7+ Kh8 34.fxe3 Qb1+ 35.Kg2 Rb2+ 0-1

[Event "2LD 24/25,Univerzita Brno-Jihlava B"]
[Site ""]
[Date "2024.10.13"]
[Round "1.4"]
[White "Skoda, Martin"]
[Black "Svehla, Karel"]
[WhiteElo "2143"]
[BlackElo "2105"]
[Result "1-0"]

1.e4 e6 2.Nf3 d5 3.e5 c5 4.b4 cxb4 5.a3 bxa3 6.d4 Bd7 7.Bd3 Nc6 8.c3 h6 9.O-O
Rc8 10.g3 Be7 11.Ne1 Qc7 12.Qg4 Kf8 13.Ng2 f5 14.Qg6 Nxe5 15.dxe5 Qxe5 16.Re1
Qf6 17.Nf4 e5 18.Qxf6+ gxf6 19.Ng6+ Kg7 20.Nxh8 Kxh8 21.Bxa3 Bd8 22.Bc1 a6 23.
Be3 Kg7 24.Re2 Ne7 25.Rb2 Bc6 26.Nd2 h5 27.Nb3 Kf7 28.Nc5 Rc7 29.Rab1 f4 30.
gxf4 e4 31.Be2 Nf5 32.Nxb7 Be7 33.Bxh5+ Kg8 34.Be2 Bb5 35.Bxb5 axb5 36.Rxb5
Rxc3 37.Rxd5 Nh4 38.Nd6 Bxd6 39.Rxd6 Nf3+ 40.Kh1 Rc7 41.Rxf6 Rh7 42.Rb8+ Kg7
43.Rb7+ Kxf6 44.Rxh7 1-0

[Event "2LD 24/25,Univerzita Brno-Jihlava B"]
[Site ""]
[Date "2024.10.13"]
[Round "1.5"]
[White "Jelinek, Ota"]
[Black "Seidl, Antonin"]
[WhiteElo "2091"]
[BlackElo "2079"]
[Result "1/2-1/2"]

1.e4 Nc6 2.d4 d5 3.e5 Bf5 4.c3 f6 5.f4 g5 6.Nf3 gxf4 7.Bxf4 Qd7 8.Bd3 O-O-O 9.
Qc2 Bxd3 10.Qxd3 Qg4 11.g3 Bh6 12.h3 Qg6 13.Qxg6 hxg6 14.Nbd2 g5 15.Be3 Bg7
16.exf6 exf6 17.Kf2 Nh6 18.g4 Ne7 19.Rag1 Ng6 20.h4 gxh4 21.Nxh4 Nxh4 22.Rxh4
Nf7 23.Rgh1 Rxh4 24.Rxh4 Rh8 25.Rh5 c6 26.Nf1 Kd7 27.Ng3 Ke6 28.Kf3 Bf8 29.Bf4
b5 30.b4 Bh6 31.Nf5 Bf8 32.Ng3 Bh6 33.Ne2 Bf8 34.Rxh8 Nxh8 35.Bb8 a6 36.Nf4+
Kd7 37.Nh5 Ke6 38.Nf4+ Kd7 39.Nd3 Nf7 40.Bf4 Ke6 41.Kg3 Ng5 1/2-1/2

[Event "2LD 24/25,Univerzita Brno-Jihlava B"]
[Site ""]
[Date "2024.10.13"]
[Round "1.6"]
[White "Hrabal, Michal"]
[Black "Ibrahim, Emad"]
[WhiteElo "2051"]
[BlackElo "2020"]
[Result "0-1"]

1.e4 c5 2.Nc3 g6 3.f4 Bg7 4.Nf3 Nc6 5.Bb5 Nd4 6.Bc4 a6 7.d3 e6 8.O-O Ne7 9.f5
b5 10.Bb3 gxf5 11.Bg5 Qb6 12.Kh1 Bb7 13.Bxe7 Kxe7 14.Qe1 Rag8 15.Qf2 h5 16.Nh4
Bf6 17.exf5 Bxh4 18.Qxh4+ Kf8 19.Ne4 Nxf5 20.Qf4 c4 21.dxc4 Qc6 22.Rae1 bxc4
23.Ba4 Qd5 24.Rf2 Rg4 25.Qb8+ Kg7 26.Qc7 Rxe4 27.Rg1 h4 28.Bxd7 Ng3+ 0-1

[Event "2LD 24/25,Univerzita Brno-Jihlava B"]
[Site ""]
[Date "2024.10.13"]
[Round "1.7"]
[White "Bakos, Eduard"]
[Black "Cvetkovic, Dalibor"]
[WhiteElo "2072"]
[BlackElo "2081"]
[Result "1/2-1/2"]

1.e4 c5 2.Nf3 e6 3.d4 cxd4 4.Nxd4 Nf6 5.e5 Qa5+ 6.Nc3 Qxe5+ 7.Be2 Bb4 8.O-O Nc6
9.Nf3 Qc7 10.Nb5 Qb8 11.a3 Be7 12.c4 a6 13.Nc3 Qc7 14.b4 O-O 15. Bb2 Rd8 16.Qc2
d5 17.cxd5 Nxd5 18.Ne4 h6 19.Rfe1 Bd7 20.Rac1 Rac8 21.Nc5 Be8 22.Qb3 Qb8 23.g3
Bf6 24.Bc4 Na5 25.Qa2 Bxb2 26.Qxb2 Nxc4 27.Rxc4 Bb5 28.Rg4 e5 29.Nxe5 Nf6
30.Ned7 Bxd7 31.Nxd7 Rxd7 32.Qxf6 g6 33.Rge4 Rf8 34.h4 Qd8 35.Qf4 h5 36.Re5 Kg7
37.Qe4 Qf6 38.Kg2 Rd2 39.Qf3 Rfd8 40.Re7 Qxf3+ 41.Kxf3 R8d3+ 42. R1e3 1/2-1/2

[Event "2LD 24/25,Univerzita Brno-Jihlava B"]
[Site ""]
[Date "2024.10.13"]
[Round "1.8"]
[White "Fisar, Josef"]
[Black "Vitovec, Jiri"]
[WhiteElo "2065"]
[BlackElo "1966"]
[Result "1-0"]

1.e4 c5 2.Nf3 Nc6 3.Bb5 e6 4.Bxc6 bxc6 5.O-O d5 6.d3 Bd6 7.c4 Ne7 8.e5 Bc7 9.
Nc3 h6 10.Na4 Ng6 11.Qe2 Qe7 12.b3 O-O 13.Ba3 Bb6 14.Qe3 d4 15.Qe4 Rd8 16.h4 h5
17.Rfe1 Rb8 18.Rad1 a6 19.Ng5 Nf8 20.Qf3 f6 21.Nh3 f5 22.Qxh5 Ba7 23.Qg5 Qxg5
24.Nxg5 Rb4 25.Bxb4 cxb4 26.a3 c5 27.axb4 cxb4 28.Ra1 Bb7 29.Ra2 Ng6 30. Nxe6
Re8 31.h5 Rxe6 32.hxg6 Rxg6 33.f4 Rg3 34.Rd2 Kf7 35.Kh2 Rg4 36.Rf2 Ke6 37.Rh1
g5 38.Kg1 gxf4 39.Rh7 Be4 40.Rxa7 Bxd3 41.Nc5+ 1-0

[Event "2LD 24/25,Jihlava A-Lipky HK B"]
[Site ""]
[Date "2024.10.13"]
[Round "1.2"]
[White "Jares, Michal"]
[Black "Rybackova, Lucie"]
[WhiteElo "2298"]
[BlackElo "2000"]
[Result "1-0"]
[PlyCount "89"]

1. Nf3 Nf6 2. g3 g6 3. b3 Bg7 4. Bb2 O-O 5. Bg2 d5 6. c4 c5 7. cxd5 Qxd5 8. Nc3
Qd8 9. Na4 Na6 10. Rc1 Nd7 11. Bxg7 Kxg7 12. O-O Rb8 13. d4 b6 14. Qd2 cxd4 15.
Nxd4 Nf6 16. Rfd1 Bd7 17. Qf4 Qe8 18. Nc6 Rc8 19. Nxa7 Rxc1 20. Rxc1 Bxa4 21.
bxa4 Qd7 22. Nc6 Rc8 23. Qe3 Nc5 24. a5 Rxc6 25. Bxc6 Qxc6 26. axb6 Nfd7 27.
Qd4+ Kg8 28. Qb4 Qd5 29. a4 Nb7 30. Rb1 Qc5 31. Qe4 Qc8 32. Qxe7 Qc2 33. Qb4
Qxe2 34. Re1 Qd3 35. a5 Ndc5 36. Rc1 Qd5 37. Qb5 Qg5 38. Rb1 Qf5 39. Re1 Nd6
40. Qe2 Nd7 41. Rd1 Qxa5 42. Rxd6 Nxb6 43. Rd8+ Kg7 44. Qb2+ Kh6 45. Rd4 1-0

[Event "2LD 24/25,Jihlava A-Lipky HK B"]
[Site ""]
[Date "2024.10.13"]
[Round "1.3"]
[White "Sedlacek, Oldrich"]
[Black "Cech, Pavel"]
[WhiteElo "2164"]
[BlackElo "2335"]
[Result "1/2-1/2"]
[PlyCount "133"]

1. Nf3 d5 2. g3 Nf6 3. Bg2 c6 4. O-O Bf5 5. d3 e6 6. c4 Be7 7. Be3 dxc4 8. dxc4
Qxd1 9. Rxd1 Nbd7 10. Nc3 e5 11. h3 O-O 12. b3 h6 13. g4 Bc2 14. Rd2 Bh7 15.
Nh4 Bb4 16. Rc1 Nc5 17. Bxc5 Bxc5 18. Nf5 Bxf5 19. gxf5 Rfd8 20. Rxd8+ Rxd8 21.
Ne4 Nxe4 22. Bxe4 Rd4 23. Bb1 Rd2 24. e3 Kf8 25. Kf1 Ke7 26. Re1 Rb2 27. Kg2
Bxe3 28. Rxe3 Rxb1 29. Rxe5+ Kf6 30. Re2 a5 31. Rd2 a4 32. bxa4 Rb4 33. a5 Rxc4
34. Rb2 Ra4 35. Rxb7 Rxa5 36. Rb6 Rc5 37. a4 Kxf5 38. a5 Rxa5 39. Rxc6 Ra3 40.
Rc5+ Ke6 41. Rc6+ Kd7 42. Rb6 Rc3 43. Ra6 Rc6 44. Ra7+ Ke6 45. Rb7 g5 46. Rb8
f5 47. Re8+ Kf6 48. Rh8 Kg6 49. Rg8+ Kh5 50. Rb8 Kh4 51. Rb4+ f4 52. Rb3 h5 53.
Rb2 g4 54. hxg4 hxg4 55. Rb8 f3+ 56. Kh2 Rc1 57. Rh8+ Kg5 58. Rg8+ Kf5 59. Rf8+
Ke4 60. Rg8 Kd3 61. Rxg4 Ke2 62. Ra4 Kxf2 63. Ra2+ Ke3 64. Ra3+ Ke2 65. Ra2+
Kf1 66. Kg3 Rc3 67. Rf2+ 1/2-1/2

[Event "2LD 24/25,Jihlava A-Lipky HK B"]
[Site ""]
[Date "2024.10.13"]
[Round "1.4"]
[White "Winter, Ondrej"]
[Black "Kulovana, Eva"]
[WhiteElo "2167"]
[BlackElo "2098"]
[Result "1-0"]
[PlyCount "133"]

1. e4 c6 2. Nc3 d5 3. Nf3 Bg4 4. h3 Bxf3 5. Qxf3 Nf6 6. Be2 e6 7. O-O dxe4 8.
Nxe4 Nxe4 9. Qxe4 Qd5 10. Qe3 Nd7 11. d4 Nf6 12. b3 Qa5 13. a3 Nd5 14. Qg3 Qc3
15. Qxc3 Nxc3 16. Bf3 Be7 17. Bb2 Nd5 18. c4 Nf6 19. d5 cxd5 20. cxd5 Nxd5 21.
Bxg7 Rg8 22. Bd4 O-O-O 23. Bxa7 b6 24. Bxd5 Rxd5 25. Bxb6 Rb5 26. Rac1+ Kb7 27.
Rc7+ Kxb6 28. Rxe7 Rxb3 29. Rxf7 Rxh3 30. Re1 Rh6 31. Re7 Rgg6 32. Rb1+ Kc6 33.
Rbb7 Rh3 34. Ra7 Rb3 35. Rxh7 Rb1+ 36. Kh2 Rb2 37. Raf7 Ra2 38. Rh3 Rg8 39.
Rc3+ Kd6 40. g3 Ra8 41. Rff3 Ra4 42. Kg2 e5 43. Rfd3+ Ke6 44. Re3 Ra5 45. Rb3
Kf5 46. Kf3 Rc5 47. Rb6 e4+ 48. Rxe4 Rxf2+ 49. Kxf2 Kxe4 50. Rb4+ Kf5 51. a4
Rc2+ 52. Kf3 Rc3+ 53. Kg2 Rc1 54. g4+ Kg5 55. Kf3 Rc3+ 56. Ke2 Rg3 57. Kd2 Kf6
58. a5 Ra3 59. Rb5 Ke6 60. g5 Kf7 61. Kc2 Kg6 62. Kb2 Ra4 63. Kb3 Ra1 64. Kb4
Re1 65. a6 Rb1+ 66. Ka5 Re1 67. a7 1-0

[Event "2LD 24/25,Jihlava A-Lipky HK B"]
[Site ""]
[Date "2024.10.13"]
[Round "1.5"]
[White "Pavlis, Matej"]
[Black "Nun, Jiri"]
[WhiteElo "2062"]
[BlackElo "2238"]
[Result "1-0"]
[PlyCount "75"]

1. Nf3 c5 2. c4 Nf6 3. Nc3 e6 4. e4 d6 5. Be2 Be7 6. O-O O-O 7. d4 cxd4 8. Nxd4
a6 9. Kh1 Qc7 10. Be3 b6 11. Rc1 Bb7 12. f3 Nbd7 13. Qd2 Rac8 14. Rfd1 Qb8 15.
b3 Rfe8 16. Nc2 Ba8 17. Bf4 Ne5 18. Nb4 a5 19. Nc2 Red8 20. Qe3 Nh5 21. Bg5
Bxg5 22. Qxg5 Nf6 23. f4 Ng6 24. Bf3 Rc5 25. Qg3 Nh5 26. Bxh5 Rxh5 27. Ne3 Rc5
28. f5 Ne5 29. Rf1 Kh8 30. Rcd1 Rg8 31. Qh3 Re8 32. Rf4 Qd8 33. Rh4 Kg8 34.
Rxh7 Kf8 35. Rh8+ Ke7 36. Qh4+ f6 37. Rh7 Rg8 38. Nb5 1-0

[Event "2LD 24/25,Jihlava A-Lipky HK B"]
[Site ""]
[Date "2024.10.13"]
[Round "1.6"]
[White "Vestfal, Jan"]
[Black "Zednicek, Filip"]
[WhiteElo "2000"]
[BlackElo "2020"]
[Result "1-0"]
[PlyCount "78"]

1. d4 d5 2. c4 e6 3. Nc3 Nf6 4. Nf3 Be7 5. Bg5 O-O 6. e3 h6 7. Bh4 b6 8. Qc2
Bb7 9. Bxf6 Bxf6 10. cxd5 exd5 11. Be2 c5 12. O-O Qe7 13. dxc5 bxc5 14. Rfd1
Rd8 15. Rd2 Nc6 16. Rxd5 Nb4 17. Rxd8+ Rxd8 18. Qb3 Bxf3 19. Bxf3 Rd2 20. a3
Nc2 21. Rc1 c4 22. Qb8+ Rd8 23. Qf4 Nd4 24. Bg4 Be5 25. Qe4 Nb3 26. Rd1 Rxd1+
27. Bxd1 Qc5 28. Qc2 Qc7 29. g3 Qd7 30. Be2 Nd2 31. Qa4 Qf5 32. Qb5 Qe6 33. Na4
Kh7 34. Qa5 Qd6 35. Qxa7 Qg6 36. Qb7 Qb1+ 37. Kg2 c3 38. Qb4 Qe1 39. Bd3+ g6
 1-0